[Event "Liptovsky Mikulas V4 U11 op"]
[Site "Liptovsky Mikulas"]
[Date "2017.06.22"]
[Round "3"]
[White "Boserle, Martin"]
[Black "Bochnickova, Simona"]
[Result "0-1"]
[WhiteElo "1000"]
[BlackElo "1109"]
[PlyCount "42"]
[EventDate "2017.06.22"]
[EventType "swiss"]
[EventRounds "9"]
[EventCountry "SVK"]
[SourceTitle "CBM 179 Extra"]
[Source "ChessBase"]
[SourceDate "2017.08.23"]
[SourceVersion "1"]
[SourceVersionDate "2017.08.23"]
[SourceQuality "1"]

1. e4 e5 2. Nf3 Nc6 3. Nc3 Nf6 4. Bb5 Bb4 5. 0-0 0-0 6. d3 d6 7. Bg5 Bxc3 8. bxc3 Bg4 9. d4 Bxf3 10. Qd2 Bxe4 11. Rae1 a6 12. Ba4 b5 13. Bb3 Na5 14. Re2 Nxb3 15. cxb3 Bg6 16. h4 Re8 17. Rfe1 h6 18. Be3 Ne4 19. Qc1 Qxh4 20. f3 Ng3 21. Rf2 Qh1# 0-1